Name a Valid NBA Team - Statistics

General Stats
  • This quiz has been taken 1,562 times
    1,480 since last reset
  • The average score is 7 of 10
Answer Stats
Hint Answer % Correct
Teams without a championship Denver Nuggets | Los Angeles Clippers | Charlotte Hornets | Minnesota Timberwolves | Memphis Grizzlies | New Orleans Pelicans | Phoenix Suns | Utah Jazz | Indiana Pacers | Brooklyn Nets | Orlando Magic
98%
Teams with a 2020 all-star starter Philadelphia 76ers | Milwaukee Bucks | Boston Celtics | Los Angeles Clippers | Atlanta Hawks | Los Angeles Lakers | Dallas Mavericks | Toronto Raptors | Houston Rockets
98%
Teams not in the US Toronto Raptors | Vancouver Grizzlies | Toronto Huskies
96%
Teams with a 95+ OVR player in NBA 2k21 Houston Rockets | Los Angeles Lakers | Milwaukee Bucks | Brooklyn Nets | Golden State Warriors | Portland Trail Blazers
88%
Teams with over $30 mil cap space in 2020 Atlanta Hawks | New York Knicks | Detroit Pistons
60%
Teams with a Morris twin Los Angeles Clippers | Los Angeles Lakers
60%
Teams in a state without any other big 4 teams Portland Trail Blazers | Utah Jazz | Oklahoma City Thunder
54%
Teams who had a top 3 draft pick in 2020 Minnesota Timberwolves | Golden State Warriors | Charlotte Hornets
50%
Teams who played in the first ever NBA game Toronto Huskies | New York Knicks
45%
Teams in the midwest, but in the northwest conference Minnesota Timberwolves | Oklahoma City Thunder
39%
No matching quizzes found
Score Distribution
Percent of People with Each Score
Percentile by Number Answered
Your Score History
You have not taken this quiz since the last reset